• 首页
  • 本馆介绍
  • 公告通知
  • 最新文献
  • 馆藏检索
  • 电子资源
  • 读者导购
  • 参考咨询
  • 我的图书馆
  • 登录
  • 详细信息显示
  • 放入我的书架
  • 预约/预借图书
  • 作者相关作品
  • 分类相关作品
  • 丛书相关作品
  • 出版社相关作品

书目信息

  • 表格格式
  • 工作单格式
  • 卡片格式
题名:
绍兴黄酒酿制技艺
    
 
作者: 杨国军 编著
分册:  
出版信息: 杭州   浙江摄影出版社  2009
页数: 149页, [1] 叶图版
开本: 22cm
丛书名: 浙江省非物质文化遗产代表作丛书
单 册:
中图分类: TS262.4 , TS262
科图分类:
主题词: 黄酒--酿造--绍兴市
电子资源:
ISBN: 978-7-80686-793-8
000 01198nam 2200277 450
001 2372813375
005 20231206201409.10
010    @a978-7-80686-793-8@dCNY42.00
100    @a20231024d2009 ekmy0chiy50 ea
101 0  @achi
102    @aCN@b330000
105    @aacfha 000zy
200 1  @a绍兴黄酒酿制技艺@Ashao xing huang jiu niang zhi ji yi@f杨国军编著
210    @a杭州@c浙江摄影出版社@d2009
215    @a149页, [1] 叶图版@c彩图, 肖像, 摹真@d22cm
225 2  @a浙江省非物质文化遗产代表作丛书@Azhe jiang sheng fei wu zhi wen hua yi chan dai biao zuo cong shu@f总主编杨建新
300    @a第一批国家级非物质文化遗产浙江省项目
320    @a有书目 (第146-147页)
330    @a本书介绍了绍兴黄酒的历史沿革、酿制技艺、黄酒文化以及传承发展等。绍兴黄酒是中国黄酒的杰出代表。绍兴独特的气候环境和优良的鉴湖水为绍兴黄酒的酿造提供了得天独厚的地理条件, 千年传承的精湛工艺更为绍兴黄酒的优良品质提供了保障。绍兴黄酒橙黄清亮, 馥郁芬芳, 甘鲜醇厚, 令饮者陶醉不已。
410  0 @12001 @a浙江省非物质文化遗产代表作丛书
606 0  @a黄酒@x酿造@y绍兴市
690    @aTS262.4@v5
690    @aTS262@v4
701  0 @a杨国军@Ayang guo jun@4编著
801  0 @aCN@b湖北三新@c20231024
905    @aBZT@dTS262@e64
    
    绍兴黄酒酿制技艺/杨国军编著.-杭州:浙江摄影出版社,2009
    149页, [1] 叶图版:彩图, 肖像, 摹真;22cm.-(浙江省非物质文化遗产代表作丛书/总主编杨建新)
    第一批国家级非物质文化遗产浙江省项目
    
    ISBN 978-7-80686-793-8:CNY42.00
    本书介绍了绍兴黄酒的历史沿革、酿制技艺、黄酒文化以及传承发展等。绍兴黄酒是中国黄酒的杰出代表。绍兴独特的气候环境和优良的鉴湖水为绍兴黄酒的酿造提供了得天独厚的地理条件, 千年传承的精湛工艺更为绍兴黄酒的优良品质提供了保障。绍兴黄酒橙黄清亮, 馥郁芬芳, 甘鲜醇厚, 令饮者陶醉不已。
●
相关链接 在五车中查询图书 在当当中查询图书 在豆瓣中查询图书


正题名:绍兴黄酒酿制技艺     索取号:TS262/64         预约/预借

序号 登录号 条形码 馆藏地/架位号 状态 备注
1 2001408556   2001408556   617书库/ [索取号:TS262/64] 在馆    
2 2001408557   2001408557   617书库/ [索取号:TS262/64] 在馆    
3 2001408558   2001408558   617书库/ [索取号:TS262/64] 在馆    
4 2001408559   2001408559   617书库/ [索取号:TS262/64] 在馆    
5 2001408560   2001408560   617书库/ [索取号:TS262/64] 在馆    
6 2001408561   2001408561   617书库/ [索取号:TS262/64] 在馆    
7 2001408562   2001408562   617书库/ [索取号:TS262/64] 在馆    
8 2001408563   2001408563   617书库/ [索取号:TS262/64] 在馆    
9 2001408564   2001408564   617书库/ [索取号:TS262/64] 在馆    
10 2001408565   2001408565   617书库/ [索取号:TS262/64] 在馆    
11 2001408566   2001408566   617书库/ [索取号:TS262/64] 在馆    
12 2001408567   2001408567   617书库/ [索取号:TS262/64] 在馆    
13 2001408568   2001408568   617书库/ [索取号:TS262/64] 在馆    
14 2001408569   2001408569   617书库/ [索取号:TS262/64] 在馆    
15 2001408570   2001408570   617书库/ [索取号:TS262/64] 在馆    
16 2001408571   2001408571   617书库/ [索取号:TS262/64] 在馆    
17 2001408572   2001408572   617书库/ [索取号:TS262/64] 在馆    
18 2001408573   2001408573   617书库/ [索取号:TS262/64] 在馆    
19 2001408574   2001408574   617书库/ [索取号:TS262/64] 在馆    
20 2001408575   2001408575   617书库/ [索取号:TS262/64] 在馆    
21 2001408576   2001408576   617书库/ [索取号:TS262/64] 在馆    
22 2001408577   2001408577   617书库/ [索取号:TS262/64] 在馆    
23 2001408578   2001408578   617书库/ [索取号:TS262/64] 在馆    
24 2001408579   2001408579   617书库/ [索取号:TS262/64] 在馆    
25 2001408580   2001408580   617书库/ [索取号:TS262/64] 在馆    
26 2001408581   2001408581   617书库/ [索取号:TS262/64] 在馆    
27 2001408582   2001408582   617书库/ [索取号:TS262/64] 在馆    
28 2001408583   2001408583   617书库/ [索取号:TS262/64] 在馆    
29 2001408584   2001408584   617书库/ [索取号:TS262/64] 在馆    
30 2001408585   2001408585   617书库/ [索取号:TS262/64] 在馆    
山东省滨州职业学院图书馆 欢迎您!
大连网信软件有限公司© 版权所有